| 000 | 00556nam a22001577a 4500 | ||
|---|---|---|---|
| 082 | _a629.8 | ||
| 100 | _aBaig, Muhammad Zeeshan | ||
| 245 |
_aMotor Imagery based EEG Signal Classification _cMuhammad Zeeshan Baig |
||
| 260 |
_aIslamabad : _bSMME - NUST, _c2015. |
||
| 300 |
_a168 p. ; _c30cm. |
||
| 650 |
_aRobotics and Intelligent machine Engineering-MS-Thesis _916127 |
||
| 700 |
_aDr. Yasar Ayaz _916202 |
||
| 856 | _uhttp://10.250.8.41:8080/xmlui/handle/123456789/9143 | ||
| 942 |
_2ddc _cTHE |
||
| 999 |
_c541130 _d541130 |
||